Views of Medieval Bhutan : (Record no. 4412)

MARC details
000 -LEADER
fixed length control field 00771cam a2200229 4500
001 - CONTROL NUMBER
control field 5255
005 - DATE AND TIME OF LATEST TRANSACTION
control field 20181127175117.0
008 - FIXED-LENGTH DATA ELEMENTS--GENERAL INFORMATION
fixed length control field 821108s1982 enka b 001 0aeng
010 ## - LIBRARY OF CONGRESS CONTROL NUMBER
LC control number 81085435
020 ## - INTERNATIONAL STANDARD BOOK NUMBER
International Standard Book Number 090602105
043 ## - GEOGRAPHIC AREA CODE
Geographic area code a-bt---
100 1# - MAIN ENTRY--PERSONAL NAME
Personal name Davis, Samuel,
Dates associated with a name 1760-1819.
245 10 - TITLE STATEMENT
Title Views of Medieval Bhutan :
Remainder of title the diary and drawings of Samuel Davis, 1783 /
Statement of responsibility, etc. Michael Aris.
260 ## - PUBLICATION, DISTRIBUTION, ETC.
Place of publication, distribution, etc. London :
Name of publisher, distributor, etc. Serindia ;
Place of publication, distribution, etc. Washington, D.C. :
Name of publisher, distributor, etc. Smithsonian Institution Press,
Date of publication, distribution, etc. 1982.
300 ## - PHYSICAL DESCRIPTION
Extent 124 p. :
Other physical details ill. (some col.) ;
Dimensions 19 x 28 cm.
500 ## - GENERAL NOTE
General note Includes index.
504 ## - BIBLIOGRAPHY, ETC. NOTE
Bibliography, etc. note Bibliography: p. 122.
600 10 - SUBJECT ADDED ENTRY--PERSONAL NAME
Personal name Davis, Samuel,
Dates associated with a name 1760-1819.
650 #0 - SUBJECT ADDED ENTRY--TOPICAL TERM
Topical term or geographic name entry element Architecture, Medieval
Geographic subdivision Bhutan.
651 #0 - SUBJECT ADDED ENTRY--GEOGRAPHIC NAME
Geographic name Bhutan
General subdivision Description and travel.
700 1# - ADDED ENTRY--PERSONAL NAME
Personal name Aris, Michael.
Holdings
Withdrawn status Lost status Source of classification or shelving scheme Damaged status Not for loan Collection code Home library Current library Shelving location Date acquired Serial Enumeration / chronology Inventory number Total Checkouts Full call number Barcode Date last seen Date last checked out Price effective from Koha item type
    Dewey Decimal Classification     Main TEST RTC Library RTC Library Main opac 01/03/2021 8566 6 954.98 ARI 30008864 02/06/2022 09/12/2021 27/11/2018 Main
Royal Thimphu College || All Right Reserved